000 01278nam a2200289Ia 4500
999 _c4250
_d4250
003 OSt
005 20200630154438.0
008 191128t1992 sp fr 000 0 spa d
020 _a8476157568
040 _aCO-JMCR
_cCO-JMCR
041 1 _aspa
_heng
082 0 4 _a336.001 /
_bM873h
_223
100 1 _aMusgrave, Richard Abel,
_eautor
_96347
245 1 0 _aHacienda pública :
_bteórica y aplicada /
_cRichard A. Musgrave, Peggy B. Musgrave ; traductores Juan Francisco Corona Ramón, Juan Carlos Costas Terrones, Amelia Díaz Alvarez ; revisor técnico Jose María Lozano Irueste
250 _aQuinta edición
260 _aMadrid :
_bMcgraw-Hill,
_c©1992
300 _a779 páginas ;
_c24 cm.
500 _aTítulo original: Public finance in theory and practice.
505 0 _aLas funciones fiscales: una panorámica -- El sector público en la contabilidad nacional -- Instituciones fiscales -- Asignacion, distribución y elección pública
650 1 4 _aHacienda pública
_96348
650 1 4 _aImpuestos
_96349
700 1 _aMusgrave, Peggy B.,
_eautor
_96350
700 1 _aCorona Ramon, Juan Francisco,
_dtraductor
_96351
700 1 _aCosta Terrones, Juan Carlos,
_etraductor
_96352
700 1 _aAlvarez, Amelia Diaz,
_etraductora
_96353
942 _2ddc
_cBK